Vihar
Elmentve itt :
| Szerző: | |
|---|---|
| Dokumentumtípus: | Cikk |
| Megjelent: |
1968-05-01
|
| Sorozat: | Délmagyarország
58 No. 101 |
| Kulcsszavak: | Magyar irodalom vers |
| Online Access: | http://dmarchiv.bibl.u-szeged.hu/63209 |
| LEADER | 00429nab a2200157 i 4500 | ||
|---|---|---|---|
| 001 | delm63209 | ||
| 005 | 20180927151303.0 | ||
| 008 | 180927s1968 hu o 0|| hun d | ||
| 040 | |a SZTE Délmagyarország Archívum |b hun | ||
| 041 | |a hun | ||
| 100 | 1 | |a Simai Mihály | |
| 245 | 1 | 0 | |a Vihar |h [elektronikus dokumentum] / |c Simai Mihály |
| 260 | |c 1968-05-01 | ||
| 300 | |a 6 | ||
| 490 | 0 | |a Délmagyarország |v 58 No. 101 | |
| 695 | |a Magyar irodalom vers | ||